Biblioteka Instytutu Północnego w Olsztynie

Widok standardowy Widok MARC

Pozycja Personal Name

Liczba rekordów, w których użyto hasła: 1

001 - Numer kontrolny

  • control field: 39455

003 - Identyfikator numeru kontrolnego

  • control field: NUKAT

005 - Data i czas ostatniej modyfikacji

  • control field: 20260402131457.0

008 - Dane kontrolne kodowane (40 znaków)

  • fixed length control field: 990311n||a|znnaabn |a aaa |c

010 ## - Numer kontrolny Biblioteki Kongresu

  • numer kontrolny LC: n 99031675

024 7# - OTHER STANDARD IDENTIFIER

  • Standard number or code: 244114481
  • Source of number or code: viaf

024 7# - OTHER STANDARD IDENTIFIER

  • Standard number or code: 0000000385695114
  • Source of number or code: isni

040 ## - Instytucja sporządzająca rekord

  • inst. przygot. dane do rek. khw: KR U/bs
  • język haseł przedmiotowych/tezaurus: kaba
  • inst. wprow. rek. khw: KR U/bs
  • inst. modyf. rek. khw: KR U/HW
  • inst. modyf. rek. khw: WR U/anl

043 ## - Kod obszaru geograficznego

  • ISO code: PL

046 ## - Special dates

  • Birth date: 1965

100 1# - Hasło - nazwa osobowa

  • nazwa osobowa w formie ujednoliconej: Kowalczyk-Dudała, Halina
  • daty biograficzne: (1965- ).

368 ## - Other Attributes

  • Title of person: profesor

370 ## - Associated place

  • Country: Polska.
  • Auth control #: http://nukat.edu.pl/aut/s 94110000
  • Source of term: kaba

372 ## - Field of activity

  • Field: Historia.
  • Auth control #: http://nukat.edu.pl/aut/s 94205867
  • Source of term: kaba

372 ## - Field of activity

  • Field: Archiwistyka.
  • Auth control #: http://nukat.edu.pl/aut/s 96011300
  • Source of term: kaba

373 ## - Associated Group

  • Associated group: Uniwersytet Pedagogiczny im. Komisji Edukacji Narodowej (Kraków).
  • Auth control #: http://nukat.edu.pl/aut/n 2009062300

374 ## - Occupation

  • Occupation: Historycy (kobiety).
  • Auth control #: http://nukat.edu.pl/aut/s 2007232876
  • Source of term: kaba

374 ## - Occupation

  • Occupation: Archiwistki.
  • Auth control #: http://nukat.edu.pl/aut/s 97052399
  • Source of term: kaba

375 ## - Gender

  • Gender: 2
  • Source of term: iso5218

377 ## - Assoc lang

  • Lang code: pol

400 1# - Trop zob. - nazwa osobowa

  • nazwa osobowa (nazwisko, imiona): Dudała, Halina Kowalczyk-.

400 1# - Trop zob. - nazwa osobowa

  • nazwa osobowa (nazwisko, imiona): Dudała, Halina.

670 ## - Źródło informacji

  • źródło informacji: Kp. Edukacja historyczna mieszkańców Górnego Śląska w drugiej połowie XIX i na początku XX wieku / Halina Kowalczyk-Dudała. - Warszawa, 1998.

670 ## - Źródło informacji

  • źródło informacji: KjKwKościele. - 1999

670 ## - Źródło informacji

  • źródło informacji: Uniwersytet Pedagogiczny im. Komisji Edukacji Narodowej (Kraków). Katedra Archiwistyki i Nauk Pomocniczych Historii, 23.08.2022
  • gdzie znaleziono informację: (dr hab. prof. UP Halina Dudała)
  • adres internetowy: https://ihia.up.krakow.pl/pracownicy-up/dudala/
Biblioteka Instytutu Północnego, ul. Partyzantów 87, 10-402 Olsztyn, email: biblioteka(at)ip.olsztyn.pl